200 Highest Grossing Movies (USA) according to IMDB Quiz Stats

 Plays Quiz not verified by Sporcle

Challenge
Share
Tweet
Embed
Score 0/200 Timer 15:00
0 Plays Today
Year Released Movie % Correct
1997Titanic
90%
2009Avatar
89.6%
2008The Dark Knight
79.6%
1995Toy Story
76.3%
1989Batman
72.6%
1999Toy Story 2
72.6%
2010Toy Story 3
71.6%
1980Star Wars: Episode V - The Empire Strikes Back
70.6%
1983Star Wars: Episode VI - Return of the Jedi
69.2%
2002Spider-Man
68.9%
1977Star Wars: Episode IV - A New Hope
66.9%
2001Shrek
66.2%
2004Shrek 2
65.9%
2004Spider-Man 2
65.6%
2003The Lord of the Rings: The Return of the King
65.2%
2007Spider-Man 3
64.5%
2002The Lord of the Rings: The Two Towers
64.2%
2001The Lord of the Rings: The Fellowship of the Ring
63.9%
2005Batman Begins
62.9%
1982E.T.: The Extra-Terrestrial
61.2%
1999Star Wars: Episode I - The Phantom Menace
59.9%
1994The Lion King
58.9%
2003Finding Nemo
57.9%
2002Star Wars: Episode II - Attack of the Clones
57.5%
1994Forrest Gump
57.2%
2005Star Wars: Episode III - Revenge of the Sith
56.5%
2009Up!
56.2%
1993Jurassic Park
52.5%
2008Iron Man
52.2%
2006Cars
51.8%
1975Jaws
51.2%
1981Raiders of the Lost Ark
51.2%
2004Harry Potter and the Prisoner of Azkaban
50.5%
2005Harry Potter and the Goblet of Fire
49.2%
2008WALL·E
49.2%
2002Harry Potter and the Chamber of Secrets
48.8%
2004The Incredibles
48.8%
2000X-Men
48.8%
2007Transformers
48.2%
2003Pirates of the Caribbean: The Curse of the Black Pearl
47.8%
2006Pirates of the Caribbean: Dead Man's Chest
47.5%
2001Monsters, Inc.
47.5%
2007Harry Potter and the Order of the Phoenix
47.2%
1992Batman Returns
47.2%
1992Aladdin
46.8%
1991Beauty and the Beast
46.5%
2010Iron Man 2
46.2%
1996Independence Day
46.2%
2009Harry Potter and the Half-Blood Prince
45.8%
1997Men in Black
45.8%
1984Indiana Jones and the Temple of Doom
45.2%
2001Harry Potter and the Sorcerer's Stone
44.1%
1998Saving Private Ryan
43.8%
1939Gone with the Wind
43.8%
1989Indiana Jones and the Last Crusade
43.5%
2007Pirates of the Caribbean: At World's End
43.1%
2010Inception
41.8%
1996Mission: Impossible
41.8%
1999The Matrix
41.5%
1995Batman Forever
37.5%
1998A Bug's Life
37.5%
2007Ratatouille
36.8%
2002Ice Age
36.5%
2000Gladiator
36.1%
2009The Hangover
35.5%
1990Ghost
35.1%
2008/ITwilight
35.1%
Year Released Movie % Correct
2008Indiana Jones and the Kingdom of the Crystal Skull
34.4%
2006Superman Returns
34.1%
2001Ocean's Eleven
33.4%
2009Star Trek
32.4%
2003The Matrix Reloaded
31.1%
1999The Sixth Sense
29.8%
1985Back to the Future
29.8%
2005Madagascar
29.8%
2006Casino Royale
29.8%
2008Hancock
29.1%
1991Terminator 2: Judgment Day
29.1%
2007Shrek the Third
28.4%
2010Alice in Wonderland
28.1%
2007I Am Legend
28.1%
2005War of the Worlds
27.8%
2009New Moon
27.1%
2010Harry Potter and the Deathly Hallows: Part 1
27.1%
2000Cast Away
27.1%
2003X2
26.8%
2002Men in Black II
26.4%
1984Ghost Busters
25.4%
1986Top Gun
25.4%
2008Quantum of Solace
23.7%
1990Home Alone
23.1%
2004The Bourne Supremacy
23.1%
2010/IEclipse
22.7%
2007The Bourne Ultimatum
22.4%
2005King Kong
22.4%
1990Pretty Woman
22.1%
2004Meet the Fockers
21.7%
2006X-Men: The Last Stand
21.7%
2010/ITangled
21.7%
2010Shrek Forever After
21.4%
2004The Passion of the Christ
21.1%
2008Kung Fu Panda
20.7%
1978Grease
20.7%
2000Meet the Parents
20.7%
1998/IArmageddon
20.4%
1984Beverly Hills Cop
19.7%
1997The Lost World: Jurassic Park
19.7%
2009Transformers: Revenge of the Fallen
19.1%
2010How to Train Your Dragon
18.7%
2005Fantastic Four
18.7%
2009Sherlock Holmes
18.4%
2002Signs
17.7%
2008Madagascar: Escape 2 Africa
17.7%
2006Night at the Museum
17.4%
2005/IHitch
17.4%
1965The Sound of Music
17.4%
2009Fast & Furious
17.4%
2006300
17.1%
1999Tarzan
17.1%
2009The Blind Side
16.7%
2002Chicago
16.7%
2005The Chronicles of Narnia: The Lion, the Witch and the Wardrobe
16.4%
2005Wedding Crashers
16.4%
2005Mr. & Mrs. Smith
16.4%
1937Snow White and the Seven Dwarfs
16.4%
1990Dances with Wolves
16.4%
2003Bruce Almighty
16.1%
1973The Exorcist
16.1%
1992Home Alone 2: Lost in New York
15.4%
1996Twister
15.1%
2010Despicable Me
14.4%
1995Apollo 13
14.4%
2006The Da Vinci Code
14%
2005Charlie and the Chocolate Factory
13.7%
Year Released Movie % Correct
1993The Fugitive
13.4%
1999The Mummy
13.4%
2000How the Grinch Stole Christmas
13%
2009/I2012
13%
1993Mrs. Doubtfire
12.7%
2001Pearl Harbor
12.7%
1997Liar Liar
12.7%
1998There's Something About Mary
12.7%
1988Rain Man
12.7%
2002My Big Fat Greek Wedding
12.4%
2004The Day After Tomorrow
12.4%
2002Die Another Day
12.4%
1996Jerry Maguire
12.4%
2006Ice Age: The Meltdown
12%
2004National Treasure
12%
2001Rush Hour 2
11.7%
2009X-Men Origins: Wolverine
11.4%
2007The Simpsons Movie
11%
2009Ice Age: Dawn of the Dinosaurs
10.7%
2004Shark Tale
10.7%
2009Night at the Museum: Battle of the Smithsonian
10.4%
2002Catch Me If You Can
9.7%
2001A Beautiful Mind
9.4%
2001The Mummy Returns
9%
2004The Polar Express
9%
1997Air Force One
8.7%
2000Mission: Impossible II
8.4%
2009Monsters vs Aliens
8.4%
2003Elf
8.4%
2010True Grit
8.4%
1973The Sting
8.4%
2007Alvin and the Chipmunks
8%
2001Planet of the Apes
8%
2001Jurassic Park III
7.7%
1999Austin Powers: The Spy Who Shagged Me
7.4%
2006Happy Feet
7.4%
2010The Karate Kid
7%
1987Beverly Hills Cop II
7%
1982Tootsie
6.7%
2006The Pursuit of Happyness
6.7%
2000Scary Movie
6.7%
2007National Treasure: Book of Secrets
6.4%
2000What Women Want
6.4%
2002Austin Powers in Goldmember
6%
1993The Firm
6%
1991Robin Hood: Prince of Thieves
5.7%
1999/IBig Daddy
5.7%
1988Who Framed Roger Rabbit
5.7%
1961One Hundred and One Dalmatians
5.7%
2009Alvin and the Chipmunks: The Squeakquel
5.4%
2009/IThe Proposal
5.4%
1998The Waterboy
5.4%
2006Over the Hedge
5.4%
2000The Perfect Storm
5%
1987Fatal Attraction
5%
2001Hannibal
4.7%
2010Clash of the Titans
4.7%
2008Horton Hears a Who!
4.3%
1986'Crocodile' Dundee
4%
2010TRON: Legacy
4%
19873 Men and a Baby
3%
2010Grown Ups
3%
2000What Lies Beneath
2.3%
2002Scooby-Doo
2.3%
2005The Longest Yard
1.7%
2007Wild Hogs
0.7%

You're not logged in!

Compare scores with friends on all Sporcle quizzes.
Join for Free
OR
Log In

You Might Also Like...

Show Comments

Extras

Top Quizzes Today


Score Distribution

Your Account Isn't Verified!

In order to create a playlist on Sporcle, you need to verify the email address you used during registration. Go to your Sporcle Settings to finish the process.

Report this User

Report this user for behavior that violates our Community Guidelines.

Details: